000 00230nam a22001097a 4500
082 _a621.388 NIA
100 _aNIAZ MUHAMMAD
_975093
245 _aTELEVISION GUIDE
260 _aLAHORE
_bSUFI
_c1975
300 _a448P
942 _cBK
999 _c580580
_d580580